| 000 | 00682nam a2200217 i 4500 | ||
|---|---|---|---|
| 001 | 33485 | ||
| 003 | ES-MaACL | ||
| 005 | 20230906154752.0 | ||
| 007 | t| | ||
| 008 | 030202s1970 sp ||||1| spa d | ||
| 100 | 1 |
_aBierman, Harold. _928822 |
|
| 245 | 1 | 3 |
_aEl presupuesto del capital / _cHarold Bierman y Seymour Smidt ; [traductor, Agustín Gil Lasierra] ; revisor, Pedor Camps Vehi. |
| 250 | _a2ª ed. | ||
| 260 |
_aBarcelona : _bSagitario, _c[1970. |
||
| 300 |
_a253 p. ; _c22 cm. |
||
| 700 | 1 |
_aSmidt, Seymour. _9106829 |
|
| 700 | 1 |
_aGil Lasierra, Agustín. _956831 |
|
| 700 | 1 |
_aCamps Vehi, Pedro. _9199629 |
|
| 852 |
_aES-MaACL _jE-7045 _bR.91344 |
||
| 999 |
_c33485 _d33485 |
||